Statistics for Generation 4 Pokemon

Click here to take the quiz!

General Stats

  • This quiz has been taken 2,411 times
  • The average score is 69 of 107

Answer Stats

Number Pokemon % Correct
393Piplup
96%
387Turtwig
95%
390Chimchar
95%
392Infernape
95%
395Empoleon
95%
389Torterra
93%
484Palkia
93%
483Dialga
93%
391Monferno
91%
394Prinplup
90%
396Starly
90%
398Staraptor
90%
388Grotle
88%
397Staravia
88%
487Giratina
88%
399Bidoof
84%
493Arceus
82%
491Darkrai
81%
481Azelf
81%
405Luxray
81%
403Shinx
81%
400Bibarel
80%
480Uxie
79%
445Garchomp
79%
404Luxio
78%
482Mesprit
77%
467Magmortar
77%
443Gible
76%
407Roserade
75%
448Lucario
75%
444Gabite
75%
488Cresselia
73%
447Riolu
73%
492Shaymin
73%
466Electivire
73%
406Budew
71%
418Buizel
70%
485Heatran
70%
486Regigigas
69%
419Floatzel
69%
408Cranidos
67%
471Glaceon
67%
409Rampardos
67%
470Leafeon
67%
410Shieldon
65%
490Manaphy
65%
411Bastiodon
64%
489Phione
63%
429Mismagius
62%
402Kricketune
61%
460Abomasnow
61%
401Kricketot
60%
442Spiritomb
60%
479Rotom
59%
478Froslass
59%
461Weavile
59%
425Drifloon
59%
475Gallade
58%
462Magnezone
58%
459Snover
57%
426Drifblim
57%
430Honchkrow
57%
415Combee
57%
436Bronzor
55%
437Bronzong
55%
468Togekiss
55%
464Rhyperior
55%
473Mamoswine
54%
432Purugly
54%
412Burmy
54%
477Dusknoir
53%
454Toxicroak
53%
431Glameow
53%
423Gastrodon
53%
446Munchlax
53%
413Wormadam
53%
435Skuntank
53%
417Pachirisu
53%
416Vespiquen
53%
422Shellos
53%
472Gliscor
52%
440Happiny
52%
434Stunky
52%
439Mime Jr.
52%
453Croagunk
52%
427Buneary
51%
428Lopunny
51%
465Tangrowth
51%
469Yanmega
50%
420Cherubi
50%
452Drapion
50%
474Porygon-Z
49%
438Bonsly
49%
414Mothim
48%
421Cherrim
48%
450Hippowdon
48%
451Skorupi
48%
424Ambipom
47%
449Hippopotas
47%
456Finneon
45%
463Lickilicky
45%
433Chingling
44%
457Lumineon
44%
455Carnivine
42%
476Probopass
42%
441Chatot
40%
458Mantyke
39%

Score Distribution

Percentile by Number Answered

Percent of People with Each Score

Your Score History

You have not taken this quiz